书目信息 |
| 题名: |
帆船文化与运动
|
|
| 作者: | 常晓峰 著 | |
| 分册: | ||
| 出版信息: | 青岛 中国海洋大学出版社 2017 |
|
| 页数: | 183页 | |
| 开本: | 24cm | |
| 丛书名: | 青岛市社科联社会科学普及图书项目文丛 | |
| 单 册: | ||
| 中图分类: | G861.4-49 | |
| 科图分类: | ||
| 主题词: | 帆船运动--普及读物 | |
| 电子资源: | ||
| ISBN: | 978-7-5670-1192-2 | |
| 000 | 01105oam2 2200253 450 | |
| 001 | 1388 | |
| 005 | 20180522111943.53 | |
| 010 | @a978-7-5670-1192-2@dCNY58.00 | |
| 100 | @a20170619d2017 em y0chiy50 ea | |
| 101 | 0 | @achi |
| 102 | @aCN@b370000 | |
| 105 | @aa z 000yy | |
| 200 | 1 | @a帆船文化与运动@9fan chuan wen hua yu yun dong@f常晓峰著 |
| 210 | @a青岛@c中国海洋大学出版社@d2017 | |
| 215 | @a183页@c图,照片@d24cm | |
| 225 | 1 | @a青岛市社科联社会科学普及图书项目文丛@f佟宝军总主编 |
| 314 | @a常晓峰,男,山东无棣人,在读博士,副教授,研究方向:帆船教学、训练及计算机应用。中国高校帆船教学第壹人,国家一级帆船裁判,国家一级帆船社会指导员,持有中华人民共和国海事局颁发救生艇驾照。 | |
| 330 | @a本书分帆船的历史与文化、帆船的分类与组装、帆船驾驶原理、帆船航海基本知识及装备、帆船操纵基本技术、帆船比赛规则等14章,图文并茂地对帆船文化和帆船运动进行了比较系统的介绍。 | |
| 461 | 0 | @12001 @a青岛市社科联社会科学普及图书项目文丛 |
| 606 | 0 | @a帆船运动@j普及读物 |
| 690 | @aG861.4-49@v5 | |
| 701 | 0 | @a常晓峰@9chang xiao feng@4著 |
| 801 | 0 | @aCN@b91MARC@c20170619 |
| 905 | @aMuseLib@dG861.4-49@e84 | |
| 帆船文化与运动/常晓峰著.-青岛:中国海洋大学出版社,2017 |
| 183页:图,照片;24cm.-(青岛市社科联社会科学普及图书项目文丛/佟宝军总主编) |
| ISBN 978-7-5670-1192-2:CNY58.00 |
| 本书分帆船的历史与文化、帆船的分类与组装、帆船驾驶原理、帆船航海基本知识及装备、帆船操纵基本技术、帆船比赛规则等14章,图文并茂地对帆船文化和帆船运动进行了比较系统的介绍。 |
| ● |
| 相关链接 |
|
|
|
|
正题名:帆船文化与运动
索取号:G861.4-49/84
 
预约/预借
| 序号 | 登录号 | 条形码 | 馆藏地/架位号 | 状态 | 备注 |
| 1 | 1104228 | 211042281 | 第四借阅区/ [索取号:G861.4-49/84] | 在馆 | |
| 2 | 1104229 | 211042290 | 教育系资料室/ [索取号:G861.4-49/84] | 在馆 | |
| 3 | 1104230 | 211042307 | 教育系资料室/ [索取号:G861.4-49/84] | 在馆 | |
| 4 | 1104231 | 211042316 | 教育系资料室/ [索取号:G861.4-49/84] | 在馆 | |
| 5 | 1104232 | 211042325 | 第四借阅区/ [索取号:G861.4-49/84] | 在馆 | |
| 6 | 1104233 | 211042334 | 第四借阅区/ [索取号:G861.4-49/84] | 在馆 |